Subdivision capitals closest to Dobrič (BG) - Statistics

General Stats
  • This quiz has been taken 8 times
  • The average score is 11 of 20
Answer Stats
Distance (km) Answer % Correct
5 95 Constanța
100%
1 41 Varna
100%
19 206 Alexandria
50%
16 190 Brâila
50%
14 170 București
50%
9 123 Burgas
50%
17 193 Buzău
50%
3 80 Călărași (RO)
50%
20 209 Galați
50%
11 154 Giurgiu
50%
13 162 Jambol
50%
6 105 Razgrad
50%
10 154 Ruse
50%
2 76 Silistra
50%
12 158 Sliven
50%
8 117 Slobozia
50%
4 80 Šumen
50%
7 107 Trgovište
50%
15 188 Veliko Trnovo
50%
18 195 Tulcea
0%
No matching quizzes found
Score Distribution
Percent of People with Each Score
Percentile by Number Answered
Your Score History
You have not taken this quiz